Derechos humanos y acceso a la información pública
Saved in:
| Corporate Author: | |
|---|---|
| Format: | Book |
| Language: | Spanish |
| Published: |
Santiago, Chile
Instituto Nacional de Derechos Humanos
2012
|
| Edition: | 1a. ed |
| Series: | Cuadernillos de Temas Emergentes,
1 |
| Subjects: | |
| Tags: |
Add Tag
No Tags, Be the first to tag this record!
|
MARC
| LEADER | 00000cam a2200000 a 4500 | ||
|---|---|---|---|
| 001 | UCF7890 | ||
| 003 | CL-VaPUC | ||
| 005 | 20210504001506.0 | ||
| 008 | 130711e20121200CL |||||||||||||||||spa|d | ||
| 999 | |c 352621 |d 352619 | ||
| 020 | |a 9789569025341 | ||
| 040 | |c Pontificia Universidad Católica de Valparaíso | ||
| 082 | 0 | 4 | |a 323.4083 INS 2012 |2 21 |
| 110 | 2 | |a Instituto Nacional de Derechos Humanos |e autor |9 569999 | |
| 245 | 1 | 0 | |a Derechos humanos y acceso a la información pública |
| 250 | |a 1a. ed | ||
| 260 | 0 | 3 | |a Santiago, Chile |b Instituto Nacional de Derechos Humanos |c 2012 |
| 300 | |a 30 páginas | ||
| 490 | 0 | |a Cuadernillos de Temas Emergentes, |v 1 | |
| 583 | |a last modification |c 20130711 11:26:00 |k Rodrigo Vera | ||
| 650 | 0 | |a Derechos fundamentales |9 254841 | |
| 650 | 0 | |a Derechos humanos |9 223025 | |
| 650 | 0 | |a Acceso a la información |9 368062 | |
| 942 | |c BK |2 ddc | ||
| 945 | |d 20130711 00:00:00 |a dcastane | ||
| 952 | |0 0 |1 0 |2 ddc |4 0 |6 323_408300000000000_INS_2012 |7 0 |8 A |9 457219 |a BIBDER |b BIBDER |d 2019-11-22 |i 4985737 |o 323.4083 INS 2012 |p 4985737 |r 2023-01-25 |t 1 |w 2019-11-22 |y BK |k DER | ||